000 00762cam a22002414a 4500
001 1686248
005 20180314052309.0
008 990429s2000 mau b 001 0 eng
010 _a 99031784
020 _a0073039373
040 _aDLC
_cDLC
_dDLC
041 _aeng
042 _apcc
080 _a658.1511 ZIM
082 0 0 _a658.1511 ZIM
_221
100 1 _a61
101 _aKF
245 1 0 _aAccounting for decision making and control /
_cJerold L. Zimmerman.
504 _aIncludes bibliographical references and index.
906 _a7
_bcbc
_corignew
_d1
_eocip
_f19
_gy-gencatlg
942 _2ddc
_cBK
999 _c44984
_d44984